00905cam a22002291 4500001001300000003000400013005001700017008004100034010001700075035002000092040004900112042001200161050002300173100002300196245008700219260007100306300002700377410006000404501015200464650004200616999001700658e 52000008 DLC20260227111234.0860422s1952 dcua s f000 0 eng c ae 52000008  a(OCoLC)13470495 aU.S. Office of Education. LibrarycPScUdDLC apremarc00aL111b.A72 no. 3291 aSmith, Rose Marie.10aEducation in rural and city school systems:bsome statistical indices for 1947-48. a[Washington]bFederal Security Agency, Office of Educationc[1952] a13 p.btables.c26 cm.10aUnited States.bOffice of Education.tCircularvno. 329 aWith: How large are our public high schools? / Walter H. Gaumnitz. Washington : U.S. Govt. Print. Off., 1949. Bound subsequent to publication.5DLC 0aEducationzUnited StatesvStatistics. c22167d22167